हरदत्त का ज़िन्दगीनामा / (Record no. 119880)

MARC details
000 -LEADER
fixed length control field 01001nam a22002537a 4500
005 - DATE AND TIME OF LATEST TRANSACTION
control field 20170124103149.0
010 ## - LIBRARY OF CONGRESS CONTROL NUMBER
LC control number A-270355
020 ## - INTERNATIONAL STANDARD BOOK NUMBER
Terms of availability 15.00
035 ## - SYSTEM CONTROL NUMBER
System control number A-270355
037 ## - SOURCE OF ACQUISITION
Source of stock number/acquisition Cen Lib/Ret
040 ## - CATALOGING SOURCE
Original cataloging agency DPL
Language of cataloging HN
082 ## - DEWEY DECIMAL CLASSIFICATION NUMBER
Classification number
Item number अमृता
100 ## - MAIN ENTRY--PERSONAL NAME
Personal name अमृता प्रीतम
9 (RLIN) 87329
245 ## - TITLE STATEMENT
Title हरदत्त का ज़िन्दगीनामा /
Statement of responsibility, etc अमृता प्रीतम
246 ## - VARYING FORM OF TITLE
Title proper/short title Hardutt ka zindaginama /
Remainder of title by Amrita Pritam
260 ## - PUBLICATION, DISTRIBUTION, ETC. (IMPRINT)
Place of publication, distribution, etc दिल्ली
Name of publisher, distributor, etc विकास पेपरबैक्स
Date of publication, distribution, etc 1986
270 ## - ADDRESS
City दिल्ली
Address IX/221 मेन रोड, गांधीनगर
Postal code 110031
300 ## - PHYSICAL DESCRIPTION
Extent 153पृ.
Dimensions 17सेमी(सजिल्द)
650 ## - SUBJECT ADDED ENTRY--TOPICAL TERM
Topical term or geographic name as entry element हिन्दी -- साहित्य
9 (RLIN) 87330
650 ## - SUBJECT ADDED ENTRY--TOPICAL TERM
Topical term or geographic name as entry element हिन्दी -- उपन्यास
9 (RLIN) 87331
650 ## - SUBJECT ADDED ENTRY--TOPICAL TERM
Topical term or geographic name as entry element Hindi literature
9 (RLIN) 87332
650 ## - SUBJECT ADDED ENTRY--TOPICAL TERM
Topical term or geographic name as entry element Hindi - Novel
9 (RLIN) 87333
942 ## - ADDED ENTRY ELEMENTS (KOHA)
Source of classification or shelving scheme Dewey Decimal Classification
Koha item type Hindi Books
Classification part
Call number suffix अमृता
Holdings
Withdrawn status Lost status Damaged status Not for loan Home library Current library Date acquired Source of acquisition Cost, normal purchase price Total Checkouts Full call number Barcode Date last seen Date checked out Copy number Cost, replacement price Price effective from Koha item type
        Central Library Central Library 19/09/2015 Cen Lib/Ret 15.00 2 उ अमृता A-270355 17/01/2018 01/01/2018 1 15.00 19/09/2015 Hindi Books

© Delhi Public Library
Hit Counter
free hit counter